Türkiye'de çağdaşlaşma (Record no. 5898)

MARC details
000 -BAŞLIK
Sabit Uzunlukta Kontrol Alanı 00880na a2200313 4500
001 - KONTROL NUMARASI
Denetim Alanı 13277
003 - KONTROL NUMARASI IDENTIFIER
Denetim Alanı MIRAKIL
005 - SON İŞLEM TARİHİ VE ZAMANI
Denetim Alanı 20181213155050.0
008 - SABİT-BOY VERİ ELEMANLARI - GENEL BİLGİLER
Sabit Uzunlukta Kontrol Alanı 161031b tu 000 0
020 ## - ULUSLARARASI STANDART KİTAP NUMARASI
Uluslararası Standart Kitap Numarası 9750804341
035 ## - SİSTEM KONTROL NUMARASI
Sistem Kontrol Numarası 13277
040 ## - KATALOGLAMA KAYNAK
Orijinal Kataloglama Ajansı Milas
Kataloglama Dili tur
Metne Dönüştürmek Ajansı TR-AnCHP
041 ## - DİL KODU
Metin / Ses Parça Veya Ayrı Başlığın Dil Kodu tur
082 ## - DEWEY ONLU SINIFLANDIRMA NUMARASI
Sınıflandırma Numarası 303.4
Ürün Numarası B36t 2004
090 ## - SINIFLAMA NUMARASI
Sınıflama Numarası 303.4 B36t 2004
100 ## - ANA GİRİŞ - KİŞİSEL İSİM
Kişisel Ad Berkes, Niyazi
245 ## - BAŞLIK TABLOSU
Başlık Türkiye'de çağdaşlaşma
Sorumluluk Tablosu, Vb Niyazi Berkes ; yayına hazırlayan Ahmet Kuyaş
250 ## - EDITION TABLOSU
Baskı Beyanı 7. bs.
260 ## - YAYIN, DAĞITIM, VB
Yayın, Dağıtım, Vb Yeri İstanbul
Yayıncı, Dağıtıcı, Vs Adı Yapı Kredi
Yayın, Dağıtım, Vb Tarihi 2004
300 ## - FİZİKSEL TANIM
Kapsam 598 s.
Boyutlar 23 sm.
490 ## - SERİSİ TABLOSU
Seri Beyanı Yapı Kredi Yayınları
Hacim / Ardışık Tanımı 1713
490 ## - SERİSİ TABLOSU
Seri Beyanı Cogito
Hacim / Ardışık Tanımı 117
504 ## - KAYNAKÇA VB NOT
Kaynakça Vb Notu Kaynakça ve dizin var.
650 ## - KONU KATMA GİRİŞ - TOPİKAL DÖNEM
Topikal Süreli Veya Coğrafi Ad Giriş Elemanı Toplumsal değişim
Genel Alt Bölümü Türkiye
650 ## - KONU KATMA GİRİŞ - TOPİKAL DÖNEM
Topikal Süreli Veya Coğrafi Ad Giriş Elemanı Toplum bilimleri
Coğrafi Alt Bölümü Türkiye
651 ## - KONU KATMA GİRİŞ - COĞRAFİ ADI
Coğrafi İsim Türkiye
Genel Alt Bölümü Uygarlık
Kronolojik Alt Bölümü Batı etkileri
700 ## - KATMA GİRİŞ - KİŞİSEL İSİM
Kişisel Ad Kuyaş, Ahmet
942 ## - EKLENDİ GİRİŞ ELEMANLARI (KOHA)
Sınıflandırma Veya Raf Düzeni Kaynak
Koha Öğesi Türü Books
999 ## - SİSTEM KONTROL NUMARALARI (KOHA)
Koha Biblionumber 5898
Koha Biblioitemnumber 5898
Holdings
Kalıcı Konum Mevcut Konum Edinme Tarihi Edinim Kaynak Toplam Check-Out'Lar Tam Çağrı Numarası Barkod Tarih Son Görülme İtibaren Geçerli Fiyatlar Koha Öğesi Türü
CHP Kütüphanesi CHP Kütüphanesi 08/12/2016 Bağış   303.4 B36t 2004 001012 08/12/2016 08/12/2016 Books